[Event "FIDE WYCC 2016 U14 boys"]
[Site "Khanty Mansiysk"]
[Date "2016.09.24"]
[Round "3.10"]
[White "Hua, Eugene"]
[Black "Miyasaka, Marcus M"]
[Result "1/2-1/2"]
[WhiteElo "2142"]
[BlackElo "2269"]
[Annotator "Reinhold Goldau"]
[PlyCount "70"]
[EventDate "2016.09.??"]
[EventType "swiss"]
[EventRounds "11"]
[EventCountry "RUS"]
[SourceTitle "Youth Database"]
[Source "CBase R.Goldau"]
[SourceDate "2000.03.01"]

1. c4 Nf6 2. g3 e6 3. Bg2 d5 4. Nf3 dxc4 5. Qc2 a6 6. a4 Bd6 7. O-O O-O 8. Qxc4
b5 9. Qh4 Bb7 10. d3 Nbd7 11. Na3 c5 12. e4 Be7 13. Qh3 Ne8 14. Be3 Bc6 15.
Rfc1 Rc8 16. g4 Bf6 17. Rc2 c4 18. axb5 axb5 19. g5 Be7 20. Nd4 Bxg5 21. f4 Bh6
22. Nxc6 Rxc6 23. e5 Ra6 24. Bb7 Ra5 25. Kh1 b4 26. Rg2 Kh8 27. Nc2 cxd3 28.
Rxa5 Qxa5 29. Ne1 Nc5 30. Bf3 Nc7 31. Qh4 N7a6 32. Qe7 Rg8 33. Qxf7 Qa1 34. Rg1
Qa2 35. f5 Bxe3 1/2-1/2

[Event "FIDE WYCC 2016 U14 boys"]
[Site "Khanty Mansiysk"]
[Date "2016.09.24"]
[Round "3.11"]
[White "Golikov, Daniil"]
[Black "Blohberger, Felix"]
[Result "0-1"]
[WhiteElo "2114"]
[BlackElo "2256"]
[Annotator "Reinhold Goldau"]
[PlyCount "100"]
[EventDate "2016.09.??"]
[EventType "swiss"]
[EventRounds "11"]
[EventCountry "RUS"]
[SourceTitle "Youth Database"]
[Source "CBase R.Goldau"]
[SourceDate "2000.03.01"]

1. c4 c5 2. Nc3 Nc6 3. Nf3 g6 4. e3 Nf6 5. d4 cxd4 6. Nxd4 Bg7 7. Be2 O-O 8.
O-O d5 9. cxd5 Nxd5 10. Nxd5 Qxd5 11. Bf3 Qc5 12. Nxc6 bxc6 13. Qa4 Rb8 14. Rb1
Qb4 15. Qxc6 Bb7 16. Qc2 Bxf3 17. gxf3 Rfc8 18. Qe2 Qc4 19. Qxc4 Rxc4 20. b3
Rc2 21. a4 Ra2 22. e4 Bd4 23. Rd1 Bxf2+ 24. Kf1 Bc5 25. Bf4 Bd6 26. Bxd6 exd6
27. Kg1 Rb6 28. Rd4 Kf8 29. Rc4 a6 30. Rc8+ Ke7 31. Rc7+ Ke6 32. Rd1 Rb2 33. f4
R2xb3 34. f5+ gxf5 35. exf5+ Kf6 36. Rd7 Rb1 37. R7xd6+ Rxd6 38. Rxb1 Kxf5 39.
Rb4 Ke5 40. Rh4 h6 41. Kf2 f5 42. Ke3 Rb6 43. Rh5 a5 44. h4 Rg6 45. Kf3 Kf6 46.
Kf2 Ke6 47. Ke3 Ke5 48. Kf3 Re6 49. Ke3 Kf6+ 50. Kf4 Re4+ 0-1

[Event "FIDE WYCC 2016 U14 boys"]
[Site "Khanty Mansiysk"]
[Date "2016.09.24"]
[Round "3.12"]
[White "Peng, Hongchi"]
[Black "Emanuel, Yahav"]
[Result "1-0"]
[WhiteElo "2241"]
[BlackElo "2014"]
[Annotator "Reinhold Goldau"]
[PlyCount "55"]
[EventDate "2016.09.??"]
[EventType "swiss"]
[EventRounds "11"]
[EventCountry "RUS"]
[SourceTitle "Youth Database"]
[Source "CBase R.Goldau"]
[SourceDate "2000.03.01"]

1. Nf3 Nf6 2. d4 e6 3. c4 c5 4. d5 b5 5. dxe6 fxe6 6. cxb5 d5 7. Bg5 Be7 8. e3
Nbd7 9. a4 O-O 10. Nc3 Qe8 11. Be2 Bb7 12. a5 Rd8 13. O-O Kh8 14. Bf4 Qf7 15.
b6 a6 16. Bc7 Rc8 17. Qa4 c4 18. b4 Rfe8 19. e4 Qf8 20. e5 Bxb4 21. Na2 Bc5 22.
exf6 Nxf6 23. Ne5 Ne4 24. Bf3 Nd2 25. Qc2 Nxf3+ 26. Nxf3 d4 27. Ne5 Bd6 28.
Bxd6 1-0

[Event "FIDE WYCC 2016 U14 boys"]
[Site "Khanty Mansiysk"]
[Date "2016.09.24"]
[Round "3.13"]
[White "Sargsyan, Shant"]
[Black "Ismagilov, Damir"]
[Result "1-0"]
[WhiteElo "2440"]
[BlackElo "1927"]
[Annotator "Reinhold Goldau"]
[PlyCount "97"]
[EventDate "2016.09.??"]
[EventType "swiss"]
[EventRounds "11"]
[EventCountry "RUS"]
[SourceTitle "Youth Database"]
[Source "CBase R.Goldau"]
[SourceDate "2000.03.01"]

1. d4 Nf6 2. c4 g6 3. Nf3 Bg7 4. g3 O-O 5. Bg2 d6 6. O-O c5 7. dxc5 dxc5 8. Ne5
Qxd1 9. Rxd1 Ne8 10. Nd3 Na6 11. Bg5 Nf6 12. Nc3 h6 13. Be3 Nd7 14. Rac1 Rb8
15. Nb5 b6 16. Nxa7 Bb7 17. Nc6 Bxc6 18. Bxc6 Rfd8 19. Bb5 Nc7 20. b4 Nxb5 21.
cxb5 Bd4 22. Bxh6 Ra8 23. bxc5 Nxc5 24. Nxc5 Bxc5 25. Rxd8+ Rxd8 26. a4 Ra8 27.
Rc4 f6 28. Bd2 Kf7 29. a5 Ke6 30. a6 Kd5 31. Rc2 e5 32. Be3 Rb8 33. Bxc5 bxc5
34. a7 Ra8 35. Rd2+ Kc4 36. b6 Kc3 37. Rb2 Rd8 38. Rb3+ Kxb3 39. b7 Rd1+ 40.
Kg2 c4 41. b8=Q+ Kc2 42. a8=Q c3 43. h4 Kc1 44. Qa1+ Kc2 45. Qa2+ Kc1 46. h5
gxh5 47. g4 hxg4 48. Qbb3 Rd2 49. Qa1# 1-0

[Event "FIDE WYCC 2016 U14 boys"]
[Site "Khanty Mansiysk"]
[Date "2016.09.24"]
[Round "3.14"]
[White "Marchuk, Rostislav"]
[Black "Iniyan, P."]
[Result "1-0"]
[WhiteElo "2054"]
[BlackElo "2368"]
[Annotator "Reinhold Goldau"]
[PlyCount "93"]
[EventDate "2016.09.??"]
[EventType "swiss"]
[EventRounds "11"]
[EventCountry "RUS"]
[SourceTitle "Youth Database"]
[Source "CBase R.Goldau"]
[SourceDate "2000.03.01"]

1. d4 Nf6 2. Nf3 g6 3. c4 Bg7 4. Nc3 O-O 5. Bg5 d6 6. e3 Nbd7 7. h3 e5 8. Be2
h6 9. Bh4 c6 10. O-O Qc7 11. Bg3 Rd8 12. Qc2 b6 13. c5 bxc5 14. dxe5 Nxe5 15.
Nxe5 dxe5 16. Bc4 Nd5 17. Na4 Qe7 18. Bb3 Ba6 19. Rfd1 e4 20. Qxc5 Qb7 21. Qa5
Bd3 22. Nc5 Qb4 23. Bc7 Qxa5 24. Bxa5 Nb6 25. Rd2 Bb5 26. Rad1 Rxd2 27. Rxd2
Nc4 28. Bxc4 Bxc4 29. Nxe4 Bxa2 30. b4 Bd5 31. Nc5 Rb8 32. e4 Bc4 33. Rd6 Rc8
34. f4 g5 35. g3 Bf8 36. Rd7 Bb5 37. e5 Bxc5+ 38. bxc5 Re8 39. Rd6 Re6 40. Rd8+
Kh7 41. f5 Rxe5 42. Bc3 Rxf5 43. Rh8+ Kg6 44. Rg8+ Kh7 45. Rg7+ Kh8 46. Rxf7+
Kg8 47. Rxf5 1-0

[Event "FIDE WYCC 2016 U14 boys"]
[Site "Khanty Mansiysk"]
[Date "2016.09.24"]
[Round "3.15"]
[White "Teclaf, Pawel"]
[Black "Oboladze, Luka"]
[Result "1-0"]
[WhiteElo "2342"]
[BlackElo "2083"]
[Annotator "Reinhold Goldau"]
[PlyCount "53"]
[EventDate "2016.09.??"]
[EventType "swiss"]
[EventRounds "11"]
[EventCountry "RUS"]
[SourceTitle "Youth Database"]
[Source "CBase R.Goldau"]
[SourceDate "2000.03.01"]

1. e4 c5 2. Nf3 d6 3. d4 cxd4 4. Nxd4 Nf6 5. Nc3 Nc6 6. Bc4 e6 7. Bb3 a6 8. Be3
Qc7 9. f4 Na5 10. g4 Nxb3 11. axb3 Rb8 12. g5 Nd7 13. Qh5 g6 14. Qh3 e5 15. Nd5
Qd8 16. Nf3 exf4 17. Bd4 Ne5 18. Qg2 Bg7 19. O-O-O O-O 20. Nxe5 dxe5 21. Ba7
Ra8 22. Bb6 Qe8 23. Nc7 Qc6 24. Nxa8 Bf5 25. Rd5 Rxa8 26. exf5 gxf5 27. Bc5 1-0

[Event "FIDE WYCC 2016 U14 boys"]
[Site "Khanty Mansiysk"]
[Date "2016.09.24"]
[Round "3.16"]
[White "Thilakarathne, G M H."]
[Black "Davtyan, Artur"]
[Result "0-1"]
[WhiteElo "2028"]
[BlackElo "2280"]
[Annotator "Reinhold Goldau"]
[PlyCount "52"]
[EventDate "2016.09.??"]
[EventType "swiss"]
[EventRounds "11"]
[EventCountry "RUS"]
[SourceTitle "Youth Database"]
[Source "CBase R.Goldau"]
[SourceDate "2000.03.01"]

1. e4 e6 2. d4 d5 3. Bd3 dxe4 4. Bxe4 Nf6 5. Bf3 Be7 6. Ne2 c5 7. O-O O-O 8.
Nbc3 Qa5 9. Bd2 Qa6 10. dxc5 Rd8 11. b4 Qc4 12. a3 Nc6 13. Nc1 e5 14. Nb3 Bf5
15. Re1 Nd4 16. Be2 Nxe2+ 17. Qxe2 Qe6 18. Be3 Ng4 19. Na4 b6 20. Nb2 Rac8 21.
h3 Nxe3 22. fxe3 Bg5 23. Qa6 bxc5 24. Qxe6 fxe6 25. b5 Bxc2 26. a4 Bxb3 0-1

[Event "FIDE WYCC 2016 U14 boys"]
[Site "Khanty Mansiysk"]
[Date "2016.09.24"]
[Round "3.17"]
[White "Peng, David T"]
[Black "Salimov, Ruslan"]
[Result "1/2-1/2"]
[WhiteElo "2273"]
[BlackElo "2026"]
[Annotator "Reinhold Goldau"]
[PlyCount "87"]
[EventDate "2016.09.??"]
[EventType "swiss"]
[EventRounds "11"]
[EventCountry "RUS"]
[SourceTitle "Youth Database"]
[Source "CBase R.Goldau"]
[SourceDate "2000.03.01"]

1. e4 d6 2. d4 Nf6 3. Nc3 c6 4. Nf3 Qa5 5. Bd3 e5 6. h3 Nbd7 7. O-O Be7 8. Ne2
O-O 9. Ng3 Re8 10. c3 Qc7 11. dxe5 dxe5 12. Bc4 Nc5 13. Ng5 Rf8 14. b4 h6 15.
bxc5 hxg5 16. Bxg5 Nh7 17. Be3 Qa5 18. Qh5 Bxc5 19. Qxe5 Bb4 20. Bd4 Qxe5 21.
Bxe5 Bc5 22. Rad1 b5 23. Bb3 a5 24. Bd6 Bxd6 25. Rxd6 a4 26. Bc2 Be6 27. a3 c5
28. Rb6 Rfd8 29. Rc1 Bc4 30. Nf1 Nf6 31. Ne3 Be2 32. Re1 Bd3 33. f3 Bxc2 34.
Nxc2 Rd2 35. Rc1 Nh5 36. Ne1 Nf4 37. Rc2 Ne2+ 38. Kf2 Rxc2 39. Nxc2 Nxc3 40.
Rc6 Rd8 41. Rxc5 Rd2+ 42. Ke3 Rxc2 43. Kd3 Rxg2 44. Rxc3 1/2-1/2

[Event "FIDE WYCC 2016 U14 boys"]
[Site "Khanty Mansiysk"]
[Date "2016.09.24"]
[Round "3.18"]
[White "Ivic, Velimir"]
[Black "Tarun, V Kanth"]
[Result "0-1"]
[WhiteElo "2264"]
[BlackElo "1954"]
[Annotator "Reinhold Goldau"]
[PlyCount "48"]
[EventDate "2016.09.??"]
[EventType "swiss"]
[EventRounds "11"]
[EventCountry "RUS"]
[SourceTitle "Youth Database"]
[Source "CBase R.Goldau"]
[SourceDate "2000.03.01"]

1. e4 b6 2. Nf3 Bb7 3. Bc4 e6 4. Qe2 Nf6 5. e5 Nd5 6. d4 c5 7. O-O Be7 8. dxc5
bxc5 9. Bd3 f5 10. exf6 Nxf6 11. Nc3 O-O 12. Ne4 c4 13. Nxf6+ Rxf6 14. Be4 d5
15. Bxh7+ Kxh7 16. Ng5+ Kg6 17. Qg4 Qh8 18. Nxe6+ Kf7 19. Re1 Nc6 20. Bg5 Bc8
21. Bxf6 gxf6 22. Qg3 Bxe6 23. f4 Bd6 24. a3 Ne7 0-1

[Event "FIDE WYCC 2016 U14 boys"]
[Site "Khanty Mansiysk"]
[Date "2016.09.24"]
[Round "3.19"]
[White "Quirhuayo Chumbe, German Gonza"]
[Black "Kizatbay, Abyl"]
[Result "1-0"]
[WhiteElo "2255"]
[BlackElo "1892"]
[Annotator "Reinhold Goldau"]
[PlyCount "125"]
[EventDate "2016.09.??"]
[EventType "swiss"]
[EventRounds "11"]
[EventCountry "RUS"]
[SourceTitle "Youth Database"]
[Source "CBase R.Goldau"]
[SourceDate "2000.03.01"]

1. e4 c5 2. Nf3 Nc6 3. d4 cxd4 4. Nxd4 Nf6 5. Nc3 d6 6. Bc4 e6 7. Be3 Be7 8.
Qe2 a6 9. O-O-O Qc7 10. Bb3 b5 11. Rhg1 O-O 12. g4 Nxd4 13. Rxd4 Nd7 14. g5 Nc5
15. f4 Nxb3+ 16. axb3 f5 17. gxf6 Bxf6 18. Rd3 Bb7 19. Qg4 Qe7 20. Rgd1 b4 21.
Rxd6 bxc3 22. e5 Bxe5 23. fxe5 Bf3 24. Qg1 Bxd1 25. Qxd1 cxb2+ 26. Kxb2 Rfd8
27. c4 a5 28. Bb6 Rdc8 29. c5 a4 30. bxa4 Qh4 31. Ka3 Rf8 32. a5 Qe4 33. Rd4
Qxe5 34. Qd2 Rf3+ 35. Kb4 Rf1 36. Rd8+ Rxd8 37. Qxd8+ Rf8 38. Qd2 Rf4+ 39. Kb5
Rd4 40. Qg2 Rd5 41. a6 Qc3 42. Qg3 Rd3 43. Qb8+ Kf7 44. Qf4+ Ke7 45. a7 Qb3+
46. Ka6 Qa3+ 47. Kb7 Rd7+ 48. Kb8 Rxa7 49. Qd6+ Kf7 50. Bxa7 Qb2+ 51. Qb6 Qxh2+
52. Qc7+ Qxc7+ 53. Kxc7 h5 54. c6 h4 55. Kd7 h3 56. Bg1 e5 57. c7 g5 58. c8=Q
g4 59. Qe8+ Kf6 60. Qe6+ Kg5 61. Qxe5+ Kh4 62. Be3 h2 63. Qxh2# 1-0

[Event "FIDE WYCC 2016 U14 boys"]
[Site "Khanty Mansiysk"]
[Date "2016.09.24"]
[Round "3.20"]
[White "Nielsen, Andre"]
[Black "Olsen, Filip Boe"]
[Result "1-0"]
[WhiteElo "2025"]
[BlackElo "2241"]
[Annotator "Reinhold Goldau"]
[PlyCount "59"]
[EventDate "2016.09.??"]
[EventType "swiss"]
[EventRounds "11"]
[EventCountry "RUS"]
[SourceTitle "Youth Database"]
[Source "CBase R.Goldau"]
[SourceDate "2000.03.01"]

1. e4 c6 2. d4 d5 3. e5 Bf5 4. h4 h5 5. c4 e6 6. Nc3 Nd7 7. cxd5 cxd5 8. Bd3
Bxd3 9. Qxd3 a6 10. Nf3 Bb4 11. O-O Rc8 12. Ne2 Nh6 13. Bg5 Be7 14. Nf4 Bxg5
15. Nxg5 Nf8 16. Nxh5 Nf5 17. Qf3 Nh7 18. Nxg7+ Kd7 19. Nxf5 Nxg5 20. hxg5 exf5
21. Qxf5+ Ke8 22. Rac1 Rc6 23. Rxc6 bxc6 24. e6 fxe6 25. Qxe6+ Kf8 26. Re1 Rh7
27. g6 Rc7 28. Re3 Re7 29. g7+ Rxg7 30. Rf3+ 1-0

[Event "FIDE WYCC 2016 U14 boys"]
[Site "Khanty Mansiysk"]
[Date "2016.09.24"]
[Round "3.21"]
[White "Piyumantha, M Sasith Nipun"]
[Black "Remizov, Yaroslav"]
[Result "1/2-1/2"]
[WhiteElo "2017"]
[BlackElo "2218"]
[Annotator "Reinhold Goldau"]
[PlyCount "51"]
[EventDate "2016.09.??"]
[EventType "swiss"]
[EventRounds "11"]
[EventCountry "RUS"]
[SourceTitle "Youth Database"]
[Source "CBase R.Goldau"]
[SourceDate "2000.03.01"]

1. d4 d5 2. c4 e6 3. Nf3 c6 4. Qc2 Nf6 5. g3 dxc4 6. Qxc4 b5 7. Qd3 Bb7 8. Bg2
a6 9. Ne5 Nbd7 10. Qb3 Qb6 11. O-O c5 12. Bxb7 Qxb7 13. Qf3 Qxf3 14. Nxf3 cxd4
15. Nxd4 Bc5 16. Nb3 Bd6 17. Rd1 Ke7 18. Nc3 Rac8 19. Be3 Ne5 20. Bf4 Nc4 21.
Bxd6+ Nxd6 22. a4 b4 23. Na2 Nd5 24. Rd4 Rc2 25. Nxb4 Nxb4 26. Rxb4 1/2-1/2

[Event "FIDE WYCC 2016 U14 boys"]
[Site "Khanty Mansiysk"]
[Date "2016.09.24"]
[Round "3.22"]
[White "Thybo, Thomas Sondergaard"]
[Black "Roseneck, Jonas"]
[Result "0-1"]
[WhiteElo "1971"]
[BlackElo "2178"]
[Annotator "Reinhold Goldau"]
[PlyCount "58"]
[EventDate "2016.09.??"]
[EventType "swiss"]
[EventRounds "11"]
[EventCountry "RUS"]
[SourceTitle "Youth Database"]
[Source "CBase R.Goldau"]
[SourceDate "2000.03.01"]

1. e4 c5 2. Nf3 d6 3. b4 Nf6 4. bxc5 Nxe4 5. cxd6 Qxd6 6. d4 Bg4 7. c3 g6 8.
Qb3 Qc7 9. Ne5 Be6 10. Bb5+ Nc6 11. Qa4 Rc8 12. Bf4 Nd6 13. Nd2 Bg7 14. Nb3 O-O
15. Bxc6 bxc6 16. Nc5 Bd5 17. O-O f6 18. Ned3 Rce8 19. Rfe1 Qc8 20. Bg3 Qf5 21.
Nf4 e5 22. Nxd5 cxd5 23. Qc6 Rd8 24. Qxd5+ Nf7 25. Qe6 Qh5 26. Qa6 Rfe8 27.
Qxa7 f5 28. f4 exd4 29. cxd4 Bxd4+ 0-1

[Event "FIDE WYCC 2016 U14 boys"]
[Site "Khanty Mansiysk"]
[Date "2016.09.24"]
[Round "3.23"]
[White "Dolgikh, Evgeniy"]
[Black "Pavlov, Danila"]
[Result "0-1"]
[WhiteElo "1904"]
[BlackElo "2157"]
[Annotator "Reinhold Goldau"]
[PlyCount "62"]
[EventDate "2016.09.??"]
[EventType "swiss"]
[EventRounds "11"]
[EventCountry "RUS"]
[SourceTitle "Youth Database"]
[Source "CBase R.Goldau"]
[SourceDate "2000.03.01"]

1. d4 Nf6 2. Nf3 g6 3. c4 Bg7 4. Nc3 O-O 5. e4 d6 6. Be2 e5 7. O-O Nc6 8. d5
Ne7 9. b4 Ne8 10. Ne1 f5 11. f3 f4 12. a4 g5 13. Nd3 Rf7 14. c5 Bf8 15. Ba3 Rg7
16. b5 Nf6 17. Qb3 Ng6 18. a5 g4 19. b6 g3 20. bxc7 gxh2+ 21. Kxh2 Qe8 22. Rh1
Nh4 23. Ne1 Qg6 24. Bf1 Qg3+ 25. Kg1 Nxf3+ 26. Nxf3 Qxf3 27. Re1 Qg3 28. Re2
Bg4 29. Rb2 Qe3+ 30. Rf2 Nxe4 31. Qb2 Nxc3 0-1

[Event "FIDE WYCC 2016 U14 boys"]
[Site "Khanty Mansiysk"]
[Date "2016.09.24"]
[Round "3.24"]
[White "Osaka, Takuma"]
[Black "Zhou, Junfeng"]
[Result "0-1"]
[WhiteElo "1888"]
[BlackElo "2125"]
[Annotator "Reinhold Goldau"]
[PlyCount "110"]
[EventDate "2016.09.??"]
[EventType "swiss"]
[EventRounds "11"]
[EventCountry "RUS"]
[SourceTitle "Youth Database"]
[Source "CBase R.Goldau"]
[SourceDate "2000.03.01"]

1. d4 Nf6 2. c4 g6 3. Nc3 d5 4. Nf3 Bg7 5. Qb3 dxc4 6. Qxc4 O-O 7. e4 Na6 8.
Be2 c5 9. d5 e6 10. O-O exd5 11. exd5 Bf5 12. Rd1 Re8 13. Be3 Ne4 14. Bd3 Nd6
15. Qa4 Bxd3 16. Rxd3 c4 17. Rdd1 Nc7 18. Nd4 a6 19. Qc2 Qd7 20. b3 cxb3 21.
axb3 Ncb5 22. Na4 Nxd4 23. Bxd4 Bxd4 24. Rxd4 Rac8 25. Qd3 Qc7 26. Rd1 b5 27.
Nb2 Qc2 28. Qxc2 Rxc2 29. Nd3 Ree2 30. Rf4 Red2 31. Rxd2 Rxd2 32. Ne1 Rxd5 33.
Kf1 Rd2 34. Rf3 Ne4 35. Nd3 Ra2 36. Nb4 Nd2+ 37. Ke2 Nxf3+ 38. Nxa2 Nd4+ 39.
Kd3 Nxb3 40. Nc3 Nc5+ 41. Kd4 Ne6+ 42. Kd5 Nf4+ 43. Kc6 Nxg2 44. Kb6 Ne1 45.
Kxa6 Nd3 46. Nxb5 Nxf2 47. Nc3 Ng4 48. h3 Nf2 49. h4 Kg7 50. Nd5 Ne4 51. Nf4
Nd6 52. Kb6 Nf5 53. Ng2 Kh6 54. Kc5 Kh5 55. Kd5 Nxh4 0-1

[Event "FIDE WYCC 2016 U14 boys"]
[Site "Khanty Mansiysk"]
[Date "2016.09.24"]
[Round "3.27"]
[White "Fomin, Maxim"]
[Black "Mochalin, Faddey"]
[Result "1/2-1/2"]
[WhiteElo "1941"]
[BlackElo "1912"]
[Annotator "Reinhold Goldau"]
[PlyCount "101"]
[EventDate "2016.09.??"]
[EventType "swiss"]
[EventRounds "11"]
[EventCountry "RUS"]
[SourceTitle "Youth Database"]
[Source "CBase R.Goldau"]
[SourceDate "2000.03.01"]

1. d4 d5 2. c4 c6 3. cxd5 cxd5 4. Nc3 Nf6 5. Nf3 Nc6 6. Bf4 a6 7. e3 e6 8. Rc1
Be7 9. Bd3 O-O 10. O-O g6 11. Ne5 Nxe5 12. Bxe5 Nd7 13. Bg3 b5 14. Ne2 Nf6 15.
Qb3 Ne8 16. Rc2 Nd6 17. a4 bxa4 18. Qxa4 Bd7 19. Qa2 Bb5 20. Bxb5 axb5 21. Qb3
Qb6 22. Rfc1 Nc4 23. Qd3 Qa5 24. h3 Bb4 25. b3 Qa3 26. Nf4 Nd6 27. Rb1 Rfc8 28.
Rxc8+ Rxc8 29. Ne2 Qa2 30. Bxd6 Bxd6 31. Rf1 b4 32. Rc1 Rxc1+ 33. Nxc1 Qa1 34.
Qd2 e5 35. g3 exd4 36. exd4 Qc3 37. Qd1 Bxg3 38. Ne2 Bxf2+ 39. Kxf2 Qxh3 40.
Nf4 Qh4+ 41. Ke3 Qe7+ 42. Kf2 Qe4 43. Qd2 g5 44. Ng2 Qf5+ 45. Kg1 h5 46. Qxb4
Kh7 47. Kh2 h4 48. Qc3 Qf6 49. Qe3 Kg6 50. Qd3+ Kh6 51. Qe3 1/2-1/2

[Event "FIDE WYCC 2016 U14 boys"]
[Site "Khanty Mansiysk"]
[Date "2016.09.24"]
[Round "3.28"]
[White "Nanayakkara, J A K Saranath"]
[Black "Gunduz, Umut Erdem"]
[Result "1-0"]
[WhiteElo "1923"]
[BlackElo "2109"]
[Annotator "Reinhold Goldau"]
[PlyCount "61"]
[EventDate "2016.09.??"]
[EventType "swiss"]
[EventRounds "11"]
[EventCountry "RUS"]
[SourceTitle "Youth Database"]
[Source "CBase R.Goldau"]
[SourceDate "2000.03.01"]

1. d4 Nf6 2. c4 c5 3. d5 e6 4. Nc3 exd5 5. cxd5 d6 6. e4 g6 7. h3 Bg7 8. Nf3
O-O 9. Bd3 a6 10. a4 Nbd7 11. O-O Re8 12. Be3 Qc7 13. Nd2 Ne5 14. Be2 Rb8 15.
f4 Ned7 16. Qc2 b6 17. Rae1 Bb7 18. Bc4 Re7 19. Qd3 Qc8 20. Bf2 Re8 21. Bg3 Kh8
22. Nf3 Nh5 23. Bh2 Bh6 24. Ne2 Bg7 25. g4 Bd4+ 26. Kh1 Ng7 27. Nc3 Bxc3 28.
bxc3 Nf8 29. f5 Qd8 30. f6 Qxf6 31. Ne5 1-0

[Event "FIDE WYCC 2016 U14 boys"]
[Site "Khanty Mansiysk"]
[Date "2016.09.24"]
[Round "3.29"]
[White "Araoz Andrade, Ivan Alexander"]
[Black "Ganerdene, Sugar"]
[Result "0-1"]
[WhiteElo "1746"]
[BlackElo "2056"]
[Annotator "Reinhold Goldau"]
[PlyCount "96"]
[EventDate "2016.09.??"]
[EventType "swiss"]
[EventRounds "11"]
[EventCountry "RUS"]
[SourceTitle "Youth Database"]
[Source "CBase R.Goldau"]
[SourceDate "2000.03.01"]

1. d4 Nf6 2. c4 g6 3. Nc3 Bg7 4. e4 d6 5. f4 O-O 6. Nf3 c5 7. d5 Na6 8. Be2 Nc7
9. O-O a6 10. a4 Rb8 11. a5 Nd7 12. Be3 b6 13. axb6 Nxb6 14. Qd2 Bg4 15. h3
Bxf3 16. Rxf3 Nd7 17. Kh1 Rb4 18. g4 Qb8 19. Ra2 Nb6 20. f5 Nxc4 21. Bxc4 Rxc4
22. Bh6 Rd4 23. Qg5 f6 24. Qh4 g5 25. Qh5 Qe8 26. Bxg7 Qxh5 27. gxh5 Kxg7 28.
h4 h6 29. Re3 Rb8 30. Re2 Rbb4 31. Rg2 Rd3 32. Ra1 Rbd4 33. hxg5 hxg5 34. Ra3
Kh6 35. Rb3 Rb4 36. Rxb4 cxb4 37. Na2 a5 38. Rc2 b3 39. Nc1 bxc2 40. Nxd3 Nb5
41. Kg2 Kxh5 42. Kf3 Nd4+ 43. Ke3 Nb3 44. Nc1 Nxc1 45. Kd2 g4 46. Kxc1 g3 47.
Kxc2 g2 48. Kd2 g1=Q 0-1

[Event "FIDE WYCC 2016 U14 boys"]
[Site "Khanty Mansiysk"]
[Date "2016.09.24"]
[Round "3.30"]
[White "Ogorodnikov, Nikolai"]
[Black "Juksta, Karolis"]
[Result "0-1"]
[WhiteElo "1774"]
[BlackElo "2046"]
[Annotator "Reinhold Goldau"]
[PlyCount "94"]
[EventDate "2016.09.??"]
[EventType "swiss"]
[EventRounds "11"]
[EventCountry "RUS"]
[SourceTitle "Youth Database"]
[Source "CBase R.Goldau"]
[SourceDate "2000.03.01"]

1. e4 e6 2. d3 d5 3. Nd2 Nf6 4. Ngf3 b6 5. g3 Bb7 6. e5 Nfd7 7. Bg2 c5 8. c3
Nc6 9. d4 Ba6 10. Qa4 Qc8 11. a3 b5 12. Qc2 b4 13. Bf1 bxc3 14. bxc3 Be7 15.
Bd3 Bxd3 16. Qxd3 O-O 17. O-O f6 18. Re1 fxe5 19. Nxe5 Ncxe5 20. dxe5 c4 21.
Qe2 Nc5 22. f4 Nd3 23. Rf1 Qc5+ 24. Kg2 g5 25. Nf3 gxf4 26. Nd4 f3+ 27. Nxf3
Rf5 28. Be3 Qc7 29. Bd4 Raf8 30. Qe3 Bc5 31. h3 Bxd4 32. Nxd4 Rxf1 33. Qg5+ Qg7
34. Qxg7+ Kxg7 35. Nxe6+ Kg6 36. Rxf1 Rxf1 37. Kxf1 Kf5 38. Nf4 Nxe5 39. Nxd5
Ke4 40. Nf4 Nd3 41. Ne2 Nc5 42. Ke1 Kd3 43. h4 Ne4 44. Kd1 Nxc3+ 45. Nxc3 Kxc3
46. Ke1 h5 47. a4 a5 0-1

[Event "FIDE WYCC 2016 U14 boys"]
[Site "Khanty Mansiysk"]
[Date "2016.09.24"]
[Round "3.31"]
[White "Ajigulov, Nurmat"]
[Black "Slater Jones, Henry"]
[Result "1/2-1/2"]
[WhiteElo "1626"]
[BlackElo "1825"]
[Annotator "Reinhold Goldau"]
[PlyCount "94"]
[EventDate "2016.09.??"]
[EventType "swiss"]
[EventRounds "11"]
[EventCountry "RUS"]
[SourceTitle "Youth Database"]
[Source "CBase R.Goldau"]
[SourceDate "2000.03.01"]

1. e4 c5 2. Nf3 d6 3. d4 cxd4 4. Nxd4 Nf6 5. Nc3 a6 6. Be2 e5 7. Nf3 Be6 8. O-O
h6 9. h3 Be7 10. Be3 O-O 11. Nd2 Qc7 12. Kh1 d5 13. exd5 Nxd5 14. Nxd5 Bxd5 15.
Bf3 Rd8 16. Bxd5 Rxd5 17. Qf3 Rd8 18. c3 Nd7 19. Rad1 Rf8 20. Nb3 Nf6 21. Qf5
Rfd8 22. Rxd8+ Rxd8 23. f4 Nd5 24. Bd2 Nxf4 25. Bxf4 exf4 26. Nd4 Bd6 27. Qg4
Be5 28. Nf5 Kh7 29. Re1 f6 30. Nh4 Qf7 31. Qf5+ g6 32. Qe4 h5 33. Nf3 Re8 34.
Qa4 g5 35. Rd1 Re7 36. Qe4+ Qg6 37. Qb4 g4 38. Nxe5 fxe5 39. Rd6 Qf7 40. Rb6
Qg7 41. h4 Rd7 42. Rd6 Rxd6 43. Qxd6 Kh8 44. Qe6 g3 45. Qc8+ Kh7 46. Qf5+ Kh8
47. Qc8+ Kh7 1/2-1/2

[Event "FIDE WYCC 2016 U14 boys"]
[Site "Khanty Mansiysk"]
[Date "2016.09.24"]
[Round "3.32"]
[White "Hsu, Hsuan Ming"]
[Black "Akulov, Lev"]
[Result "1-0"]
[WhiteElo "1727"]
[BlackElo "1810"]
[Annotator "Reinhold Goldau"]
[PlyCount "123"]
[EventDate "2016.09.??"]
[EventType "swiss"]
[EventRounds "11"]
[EventCountry "RUS"]
[SourceTitle "Youth Database"]
[Source "CBase R.Goldau"]
[SourceDate "2000.03.01"]

1. e4 c5 2. c3 d5 3. exd5 Qxd5 4. d4 Nc6 5. Nf3 Bf5 6. dxc5 Qxd1+ 7. Kxd1
O-O-O+ 8. Bd2 a5 9. Kc1 Nf6 10. Bb5 Na7 11. Bc4 e6 12. Be3 Ng4 13. b4 Nxe3 14.
fxe3 Be7 15. a3 Bf6 16. Nd4 Be4 17. Ra2 a4 18. Rg1 Bg5 19. Re2 Bd5 20. Bxd5
Rxd5 21. Kc2 Rhd8 22. c4 R5d7 23. Nf3 Bf6 24. Rd2 Kc7 25. Rxd7+ Rxd7 26. Nc3
Bxc3 27. Kxc3 f6 28. Kc2 b6 29. cxb6+ Kxb6 30. Rd1 Rxd1 31. Kxd1 e5 32. Kc2 Nc8
33. Kd3 Kc6 34. Nd2 Ne7 35. Ne4 h6 36. Nc3 Nf5 37. Nxa4 Nh4 38. b5+ Kb7 39. g3
Nf3 40. h4 Ne1+ 41. Kd2 Nf3+ 42. Ke2 e4 43. Nc5+ Kb6 44. Nxe4 Ne5 45. Nd2 Ka5
46. e4 Ka4 47. Ke3 Kxa3 48. Kd4 Kb4 49. b6 Nd7 50. b7 Ka5 51. c5 Nb8 52. Kd5
Na6 53. c6 Kb6 54. Nc4+ Kc7 55. Na5 Nb8 56. e5 fxe5 57. Kxe5 Kd8 58. Kf5 Kc7
59. Kg6 Na6 60. Kxg7 Nc5 61. Kxh6 Ne4 62. g4 1-0